[Event "San Cristobal Bolivar op 1st"]
[Site "San Cristobal"]
[Date "2012.09.26"]
[Round "3"]
[White "Hevia Alejano, Carlos Antonio"]
[Black "Palacios, Antonio"]
[Result "1-0"]
[WhiteElo "2518"]
[BlackElo "2291"]
[PlyCount "73"]
[EventDate "2012.09.25"]
[EventType "swiss"]
[EventRounds "10"]
[EventCountry "VEN"]
[SourceTitle "EXT 2013"]
[Source "ChessBase"]
[SourceDate "2012.11.22"]
[SourceVersion "1"]
[SourceVersionDate "2012.11.22"]
[SourceQuality "1"]

1. e4 c5 2. Nf3 e6 3. d4 cxd4 4. Nxd4 a6 5. Nc3 b5 6. Bd3 Bb7 7. 0-0 Nc6 8. Nxc6 Bxc6 9. Re1 Qb8 10. a4 b4 11. Nd5 Bd6 12. Qh5 Kf8 13. Ne3 Nf6 14. Qh4 Be7 15. Nc4 Nxe4 16. Qh5 f5 17. Bxe4 Bxe4 18. Bg5 Bxg5 19. Qxg5 Qc7 20. Rad1 d5 21. Ne3 Rc8 22. Re2 f4 23. Ng4 h6 24. Qh5 g6 25. Qe5 Qxe5 26. Nxe5 Rh7 27. f3 Bf5 28. Rd4 b3 29. cxb3 g5 30. g4 fxg3 31. hxg3 h5 32. Rb4 Re8 33. Rb6 g4 34. Kf2 Kg8 35. fxg4 hxg4 36. Ke3 Rf8 37. Rxa6 1-0

[Event "San Cristobal Bolivar op 1st"]
[Site "San Cristobal"]
[Date "2012.09.25"]
[Round "1"]
[White "Pina Cedeno, Marcos Evencio"]
[Black "Palacios, Antonio"]
[Result "1/2-1/2"]
[WhiteElo "2131"]
[BlackElo "2291"]
[PlyCount "44"]
[EventDate "2012.09.25"]
[EventType "swiss"]
[EventRounds "10"]
[EventCountry "VEN"]
[SourceTitle "EXT 2013"]
[Source "ChessBase"]
[SourceDate "2012.11.22"]
[SourceVersion "1"]
[SourceVersionDate "2012.11.22"]
[SourceQuality "1"]

1. e4 c5 2. Nf3 e6 3. d3 Nc6 4. g3 Nf6 5. Bg2 d5 6. Nbd2 Be7 7. 0-0 b6 8. Re1 Bb7 9. c3 Qc7 10. Nf1 dxe4 11. dxe4 Rd8 12. Qa4 0-0 13. e5 Nd7 14. Bf4 a6 15. Ne3 b5 16. Qc2 c4 17. b4 Nb6 18. Rad1 Rxd1 19. Nxd1 Rd8 20. Ng5 Bxg5 21. Bxg5 Ne7 22. Bxb7 Qxb7 1/2-1/2

[Event "FICGS class A 000117 email"]
[Site "FICGS email"]
[Date "2012.03.16"]
[Round "1"]
[White "Carrizo, Jose Luis"]
[Black "Palacios, Antonio"]
[Result "1-0"]
[WhiteElo "2043"]
[BlackElo "2054"]
[PlyCount "25"]
[EventDate "2012.??.??"]
[EventType "tourn (corr)"]
[EventRounds "6"]
[SourceTitle "Corr 2022"]
[Source "ChessBase"]
[SourceDate "2021.10.24"]
[SourceVersion "1"]
[SourceVersionDate "2021.10.24"]
[SourceQuality "1"]

1. e4 c5 2. d4 cxd4 3. c3 dxc3 4. Nxc3 Nc6 5. Nf3 Nf6 6. Bc4 e6 7. 0-0 Nxe4 8. Nxe4 d5 9. Qe2 Be7 10. Rd1 Qc7 11. Bb3 dxe4 12. Qxe4 0-0 13. Bf4 1-0

[Event "FICGS class A 000117 email"]
[Site "FICGS email"]
[Date "2012.03.16"]
[Round "1"]
[White "Palacios, Antonio"]
[Black "Markus, Roland"]
[Result "0-1"]
[WhiteElo "2054"]
[BlackElo "2086"]
[PlyCount "60"]
[EventDate "2012.??.??"]
[EventType "tourn (corr)"]
[EventRounds "6"]
[SourceTitle "Corr 2022"]
[Source "ChessBase"]
[SourceDate "2021.10.24"]
[SourceVersion "1"]
[SourceVersionDate "2021.10.24"]
[SourceQuality "1"]

1. c4 e6 2. Nf3 d5 3. b3 Nf6 4. e3 c6 5. Be2 Bd6 6. Bb2 0-0 7. Nc3 Nbd7 8. Qc2 Re8 9. 0-0 e5 10. cxd5 Nxd5 11. Ne4 N7f6 12. Nxd6 Qxd6 13. d4 exd4 14. Nxd4 Ne4 15. Bc4 Bd7 16. a3 Rad8 17. Rad1 Qh6 18. Bd3 Bg4 19. Rde1 Nef6 20. Nf5 Bxf5 21. Bxf5 Qh4 22. Bd4 g6 23. Bd3 a6 24. b4 Ng4 25. h3 Ne5 26. Be2 f5 27. Ba1 Rd6 28. Rd1 Qe7 29. Qb2 Qf6 30. Rd4 b5 0-1

[Event "FICGS class A 000117 email"]
[Site "FICGS email"]
[Date "2012.03.16"]
[Round "1"]
[White "Soszynski, Marek J"]
[Black "Palacios, Antonio"]
[Result "1-0"]
[WhiteElo "2101"]
[BlackElo "2054"]
[PlyCount "105"]
[EventDate "2012.??.??"]
[EventType "tourn (corr)"]
[EventRounds "6"]
[SourceTitle "Corr 2022"]
[Source "ChessBase"]
[SourceDate "2021.10.24"]
[SourceVersion "1"]
[SourceVersionDate "2021.10.24"]
[SourceQuality "1"]

1. d4 d5 2. c4 e6 3. Nc3 Nf6 4. cxd5 exd5 5. Bg5 Nbd7 6. e3 c6 7. Qc2 Be7 8. Nf3 Nf8 9. Bd3 Ne6 10. Bh4 g6 11. 0-0 Ng7 12. b4 a6 13. Rfb1 Nf5 14. Bg5 0-0 15. a4 h6 16. Bf4 Nh5 17. Be5 f6 18. Bg3 Kg7 19. b5 axb5 20. axb5 Rxa1 21. Rxa1 Nhxg3 22. hxg3 Bd6 23. bxc6 bxc6 24. Ra7+ Rf7 25. Ra8 Ne7 26. Na4 Qc7 27. Nc5 g5 28. Nd2 Rf8 29. Ndb3 Bg4 30. Ra1 h5 31. Be2 Bf5 32. Qxf5 Nxf5 33. Ne6+ Kg6 34. Nxc7 Bxc7 35. Bd3 Rb8 36. Nc5 Bd6 37. Rb1 Ra8 38. Ne6 Ra3 39. Rd1 Bb4 40. Bb1 Rb3 41. Kf1 Ba3 42. Bc2 Rc3 43. Bd3 Bb4 44. Ke2 Ra3 45. f3 g4 46. Rb1 Bd6 47. Rb7 Rxd3 48. Kxd3 Nxg3 49. Rd7 gxf3 50. gxf3 Bb4 51. Rc7 h4 52. Nf4+ Kg5 53. Nh3+ 1-0

[Event "FICGS class M 000045 email"]
[Site "FICGS email"]
[Date "2011.05.12"]
[Round "1"]
[White "Clement, George"]
[Black "Palacios, Antonio"]
[Result "1-0"]
[WhiteElo "2201"]
[BlackElo "2320"]
[PlyCount "41"]
[EventDate "2011.??.??"]
[EventType "tourn (corr)"]
[EventRounds "1"]
[SourceTitle "Corr 2013"]
[Source "ChessBase"]
[SourceDate "2012.11.12"]
[SourceVersion "1"]
[SourceVersionDate "2012.11.12"]
[SourceQuality "1"]

1. e4 c5 2. Nf3 Nc6 3. Bb5 Na5 4. c3 a6 5. Be2 e6 6. 0-0 b5 7. d4 cxd4 8. a4 dxc3 9. axb5 cxb2 10. Bxb2 axb5 11. Nc3 Ba6 12. Bxb5 Bb7 13. Nd5 Nc6 14. Rxa8 Bxa8 15. Qa1 exd5 16. exd5 f6 17. dxc6 Bxc6 18. Re1+ Ne7 19. Bxc6 dxc6 20. Bxf6 gxf6 21. Qxf6 1-0

[Event "ESP-chT"]
[Site "Spain"]
[Date "1993.??.??"]
[Round "?"]
[White "Palacios, Antonio"]
[Black "Pareja Perez, Juan Luis"]
[Result "1-0"]
[WhiteElo "2320"]
[BlackElo "2080"]
[PlyCount "69"]
[EventDate "1993.??.??"]
[EventType "team"]
[EventRounds "9"]
[EventCountry "ESP"]
[SourceTitle "TD"]
[Source "ChessBase"]
[SourceDate "1994.03.01"]
[SourceVersion "1"]
[SourceVersionDate "1994.03.01"]
[SourceQuality "1"]

1. d4 d5 2. c4 c6 3. Nf3 Nf6 4. Qc2 e6 5. g3 Be7 6. Bg2 0-0 7. 0-0 b6 8. Nbd2 Bb7 9. e4 Nbd7 10. e5 Ne8 11. b3 Rc8 12. Rd1 Nc7 13. Bb2 Qe8 14. Nf1 c5 15. dxc5 bxc5 16. cxd5 exd5 17. Ne3 Nb6 18. Nf5 Ne6 19. N3h4 Ba8 20. Nxe7+ Qxe7 21. Nf5 Qd7 22. Nd6 Rc7 23. Qe2 d4 24. Ne4 Kh8 25. Rac1 Nd5 26. Qg4 Bb7 27. Nd6 f5 28. Nxf5 Nef4 29. e6 Nxe6 30. Nh4 Qf7 31. Rc2 Nb4 32. Re2 Bxg2 33. Nxg2 Nd5 34. b4 Nf6 35. Qf5 1-0

[Event "Olympiad-28"]
[Site "Thessaloniki"]
[Date "1988.11.19"]
[Round "6"]
[White "Palacios, Antonio"]
[Black "Jhunjhnuwala, Ramesh"]
[Result "1-0"]
[WhiteElo "2330"]
[BlackElo "2245"]
[PlyCount "71"]
[EventDate "1988.11.13"]
[EventType "team-swiss"]
[EventRounds "14"]
[EventCountry "GRE"]
[SourceTitle "TD"]
[Source "ChessBase"]
[SourceDate "1994.03.01"]
[SourceVersion "1"]
[SourceVersionDate "1994.03.01"]
[SourceQuality "1"]
[WhiteTeam "Venezuela"]
[BlackTeam "Hong Kong"]
[WhiteTeamCountry "VEN"]
[BlackTeamCountry "HKG"]

1. e4 c5 2. Nf3 e6 3. c3 Qc7 4. d4 b6 5. Bd3 Bb7 6. 0-0 d6 7. Re1 Nd7 8. Nbd2 Ne7 9. Bb5 a6 10. Bxd7+ Qxd7 11. Nc4 Nc8 12. dxc5 bxc5 13. Na5 Be7 14. Bf4 0-0 15. Ne5 Qc7 16. Nec4 Rd8 17. Qd3 Bc6 18. b4 Bb5 19. a4 Bxc4 20. Nxc4 Rb8 21. Reb1 cxb4 22. cxb4 Nb6 23. Nxb6 Rxb6 24. Be3 Rc6 25. b5 Rc3 26. b6 Qc6 27. Qxa6 Ra8 28. Qxa8+ Qxa8 29. b7 Qb8 30. a5 Rxe3 31. fxe3 Bg5 32. a6 Bxe3+ 33. Kh1 Ba7 34. Rc1 Bc5 35. Rxc5 dxc5 36. a7 1-0

[Event "Havana"]
[Site "Havana"]
[Date "1983.??.??"]
[Round "9"]
[White "Fernandez Gonzalez, Juan Carlos"]
[Black "Palacios, Antonio"]
[Result "1/2-1/2"]
[WhiteElo "2410"]
[BlackElo "2345"]
[PlyCount "82"]
[EventDate "1983.??.??"]
[EventType "tourn"]
[EventRounds "13"]
[EventCountry "CUB"]
[EventCategory "7"]
[SourceTitle "MCL"]
[Source "ChessBase"]
[SourceDate "1999.07.01"]
[SourceVersion "1"]
[SourceVersionDate "1999.07.01"]
[SourceQuality "1"]

1. d4 Nf6 2. c4 d6 3. Nc3 Nbd7 4. Nf3 e5 5. e4 Be7 6. g3 0-0 7. Bg2 c6 8. 0-0 a6 9. Qc2 Re8 10. Rd1 Bf8 11. b3 Qc7 12. Bb2 a5 13. Rd2 exd4 14. Nxd4 Nc5 15. Rad1 g6 16. Nde2 Nfd7 17. h3 Qb6 18. Kh2 a4 19. Nc1 axb3 20. axb3 h5 21. f4 h4 22. gxh4 Qd8 23. b4 Ne6 24. f5 Nf4 25. c5 Qxh4 26. cxd6 Bh6 27. Nd3 Nf6 28. Nxf4 Bxf4+ 29. Kg1 Bxf5 30. Rd3 Bd7 31. Ne2 Be5 32. Bxe5 Rxe5 33. Rf3 Qxe4 34. Qxe4 Nxe4 35. Re3 Rae8 36. Nf4 b6 37. Ra1 Bf5 38. Ra6 Nxd6 39. Rxe5 Rxe5 40. Rxb6 Rb5 41. Rxc6 Rxb4 1/2-1/2

[Event "Havana"]
[Site "Havana"]
[Date "1983.??.??"]
[Round "8"]
[White "Palacios, Antonio"]
[Black "Remon, Adelquis"]
[Result "1/2-1/2"]
[WhiteElo "2345"]
[BlackElo "2375"]
[PlyCount "80"]
[EventDate "1983.??.??"]
[EventType "tourn"]
[EventRounds "13"]
[EventCountry "CUB"]
[EventCategory "7"]
[SourceTitle "MCL"]
[Source "ChessBase"]
[SourceDate "1999.07.01"]
[SourceVersion "1"]
[SourceVersionDate "1999.07.01"]
[SourceQuality "1"]

1. Nf3 d5 2. g3 c5 3. Bg2 Nc6 4. 0-0 e5 5. d3 Nf6 6. Nbd2 Be7 7. c4 d4 8. b4 cxb4 9. a3 0-0 10. Qb3 a5 11. axb4 Bxb4 12. Ba3 Bd7 13. Rfb1 Qe7 14. Ne1 h5 15. Nc2 h4 16. gxh4 Nh5 17. Bxb4 axb4 18. Rxa8 Rxa8 19. Nxb4 Qxh4 20. Nd5 Na5 21. Qb4 Bh3 22. Bxh3 Qxh3 23. Ne4 Ra6 24. Nd6 Qg4+ 25. Kf1 Nf4 26. Nxf4 Qxf4 27. Qc5 Nc6 28. Qd5 Ne7 29. Qxb7 Qxh2 30. c5 Rc6 31. Ke1 Qg1+ 32. Kd2 Qg5+ 33. Kd1 f5 34. Qa8+ Kh7 35. Rb8 Qg1+ 36. Kc2 Kg6 37. Rh8 Qg5 38. Kd1 Qg1+ 39. Kd2 Qg5+ 40. Kd1 Qg1+ 1/2-1/2

[Event "Havana"]
[Site "Havana"]
[Date "1983.??.??"]
[Round "10"]
[White "Palacios, Antonio"]
[Black "Sisniega, Marcel"]
[Result "0-1"]
[WhiteElo "2345"]
[BlackElo "2455"]
[PlyCount "50"]
[EventDate "1983.??.??"]
[EventType "tourn"]
[EventRounds "13"]
[EventCountry "CUB"]
[EventCategory "7"]
[SourceTitle "MCL"]
[Source "ChessBase"]
[SourceDate "1999.07.01"]
[SourceVersion "1"]
[SourceVersionDate "1999.07.01"]
[SourceQuality "1"]

1. Nf3 Nf6 2. g3 d5 3. Bg2 c6 4. d3 Bg4 5. Nbd2 Nbd7 6. 0-0 e6 7. a4 Be7 8. a5 0-0 9. a6 b5 10. Qe1 Qb6 11. e4 Nc5 12. Ne5 Bh5 13. Qe3 Rfc8 14. Re1 Bd6 15. Nef3 e5 16. exd5 cxd5 17. Nxe5 Bxe5 18. d4 Bd6 19. dxc5 Bxc5 20. Qf4 Bd6 21. Qe3 Re8 22. Nb3 Rxe3 23. Bxe3 Qc7 24. Nd4 Qd7 25. Bg5 Ne4 0-1

[Event "Olympiad-25"]
[Site "Luzern"]
[Date "1982.11.15"]
[Round "14"]
[White "Maninang, Rafaelito"]
[Black "Palacios, Antonio"]
[Result "0-1"]
[WhiteElo "2350"]
[BlackElo "2370"]
[PlyCount "84"]
[EventDate "1982.10.30"]
[EventType "team-swiss"]
[EventRounds "14"]
[EventCountry "SUI"]
[SourceTitle "EXT 1997"]
[Source "ChessBase"]
[SourceDate "1996.11.15"]
[SourceVersion "1"]
[SourceVersionDate "1996.11.15"]
[SourceQuality "1"]
[WhiteTeam "Philippines"]
[BlackTeam "Venezuela"]
[WhiteTeamCountry "PHI"]
[BlackTeamCountry "VEN"]

1. e4 c5 2. Nf3 Nc6 3. Nc3 e6 4. d4 cxd4 5. Nxd4 Qc7 6. Be3 a6 7. f4 Bb4 8. Be2 Nf6 9. Bf3 d5 10. e5 Ne4 11. Qd3 Nc5 12. Qd2 Na4 13. a3 Ba5 14. b4 Nxb4 15. axb4 Bxb4 16. Nxa4 Bxd2+ 17. Bxd2 Bd7 18. c3 0-0 19. 0-0 Rfc8 20. Kh1 b5 21. Nb2 Qb6 22. Rfb1 a5 23. Na4 Qa7 24. Nb2 b4 25. Ne2 Bb5 26. Nd1 Bd3 27. Rb2 bxc3 28. Nexc3 h6 29. h3 Bc4 30. Nb5 Bxb5 31. Rxb5 Qd4 32. Ra2 Rcb8 33. Be3 Qc4 34. Rxb8+ Rxb8 35. Rxa5 Rb1 36. Kh2 Qd3 37. Ra8+ Kh7 38. Ra7 Rxd1 39. Bxd1 Qxd1 40. Rxf7 Qe2 41. Ba7 Qe4 42. Kg3 Qg6+ 0-1

[Event "Olympiad-25"]
[Site "Luzern"]
[Date "1982.11.08"]
[Round "9"]
[White "Palacios, Antonio"]
[Black "Agdestein, Simen"]
[Result "0-1"]
[WhiteElo "2370"]
[BlackElo "2280"]
[PlyCount "54"]
[EventDate "1982.10.30"]
[EventType "team-swiss"]
[EventRounds "14"]
[EventCountry "SUI"]
[SourceTitle "EXT 1997"]
[Source "ChessBase"]
[SourceDate "1996.11.15"]
[SourceVersion "1"]
[SourceVersionDate "1996.11.15"]
[SourceQuality "1"]
[WhiteTeam "Venezuela"]
[BlackTeam "Norway"]
[WhiteTeamCountry "VEN"]
[BlackTeamCountry "NOR"]

1. Nf3 Nf6 2. b3 g6 3. Bb2 Bg7 4. c4 0-0 5. e3 d6 6. Be2 c6 7. d3 e5 8. Nbd2 Nbd7 9. Qc2 Ne8 10. 0-0 f5 11. b4 g5 12. Rfd1 h5 13. d4 e4 14. Ne1 Ndf6 15. d5 cxd5 16. cxd5 Bh6 17. Qb3 f4 18. Nc2 Qe7 19. Nd4 h4 20. Rac1 Ng7 21. Rc3 h3 22. exf4 gxf4 23. Rxh3 Bxh3 24. Qxh3 f3 25. Qxh6 Ng4 26. Qg6 fxe2 27. Re1 e3 0-1

[Event "Pan American-ch"]
[Site "San Pedro de Jujuy"]
[Date "1981.??.??"]
[Round "1"]
[White "Campos Moreno, Javier B"]
[Black "Palacios, Antonio"]
[Result "1-0"]
[WhiteElo "2410"]
[BlackElo "2360"]
[PlyCount "137"]
[EventDate "1981.??.??"]
[EventType "tourn"]
[EventRounds "11"]
[EventCountry "ARG"]
[EventCategory "6"]
[SourceTitle "EXT 2003"]
[Source "ChessBase"]
[SourceDate "2002.11.25"]
[SourceVersion "1"]
[SourceVersionDate "2002.11.25"]
[SourceQuality "1"]

1. d4 Nf6 2. c4 d6 3. Nc3 Nbd7 4. e4 e5 5. d5 Be7 6. Be3 c6 7. f3 a6 8. Qd2 0-0 9. Nh3 cxd5 10. cxd5 b5 11. Nf2 Nb6 12. b3 Bd7 13. Be2 Qb8 14. 0-0 Rc8 15. Rfc1 Bd8 16. a4 bxa4 17. Nxa4 Rxc1+ 18. Qxc1 Nxa4 19. bxa4 Ba5 20. Nd3 Bb6 21. a5 Bxe3+ 22. Qxe3 Bb5 23. Nc1 Bxe2 24. Nxe2 Nd7 25. Ng3 g6 26. h4 Qa7 27. Nf1 f5 28. exf5 gxf5 29. Qxa7 Rxa7 30. Ng3 Rb7 31. Nxf5 Rb5 32. Rc1 Rxa5 33. Rc8+ Kf7 34. Nxd6+ Ke7 35. Nf5+ Kf6 36. Ne3 Ke7 37. Rc7 Kd6 38. Rc6+ Ke7 39. Nf5+ Kf7 40. Rc7 Rxd5 41. Ra7 Ke6 42. Ne3 Ra5 43. Kh2 Ra4 44. g4 Ra3 45. Nf5 Rxf3 46. Rxa6+ Kf7 47. Nh6+ Ke7 48. Nf5+ Kf7 49. Nh6+ Ke7 50. g5 Rd3 51. Nf5+ Kf7 52. Nh6+ Ke7 53. Nf5+ Kf7 54. Ng3 Rb3 55. Rh6 Kg8 56. Re6 Kf7 57. Rh6 Kg8 58. Rd6 Nf8 59. h5 Kf7 60. Rf6+ Ke8 61. Nf5 Rc3 62. Kg2 Rb3 63. h6 Rb8 64. Kf3 Ng6 65. Ke4 Rb1 66. Ra6 Rg1 67. Ra7 Rg4+ 68. Kd5 Rxg5 69. Ng7+ 1-0

[Event "Pan American-ch"]
[Site "San Pedro de Jujuy"]
[Date "1981.??.??"]
[Round "5"]
[White "Debarnot, Roberto Luis"]
[Black "Palacios, Antonio"]
[Result "0-1"]
[WhiteElo "2415"]
[BlackElo "2360"]
[PlyCount "57"]
[EventDate "1981.??.??"]
[EventType "tourn"]
[EventRounds "11"]
[EventCountry "ARG"]
[EventCategory "6"]
[SourceTitle "EXT 2003"]
[Source "ChessBase"]
[SourceDate "2002.11.25"]
[SourceVersion "1"]
[SourceVersionDate "2002.11.25"]
[SourceQuality "1"]

1. d4 Nf6 2. c4 g6 3. Nf3 Bg7 4. g3 0-0 5. Bg2 d6 6. 0-0 Nc6 7. Nc3 a6 8. h3 Rb8 9. Be3 e6 10. Rc1 Ne7 11. Rc2 b5 12. Qd3 Bb7 13. Nd2 Bxg2 14. Kxg2 Qd7 15. f3 h6 16. a3 g5 17. Bf2 Ng6 18. e3 c6 19. Ne2 e5 20. cxb5 axb5 21. dxe5 Nxe5 22. Qb3 c5 23. e4 Rfe8 24. f4 Ng6 25. Qf3 gxf4 26. gxf4 Nxe4 27. Nxe4 Qf5 28. N2g3 Nh4+ 29. Kh1 0-1

[Event "Olympiad-24"]
[Site "Valetta"]
[Date "1980.11.30"]
[Round "10"]
[White "Palacios, Antonio"]
[Black "Castro Rojas, Oscar Humberto"]
[Result "1/2-1/2"]
[WhiteElo "2350"]
[BlackElo "2420"]
[PlyCount "26"]
[EventDate "1980.11.20"]
[EventType "team-swiss"]
[EventRounds "14"]
[EventCountry "MLT"]
[SourceTitle "EXT 2000"]
[Source "ChessBase"]
[SourceDate "1999.11.16"]
[SourceVersion "1"]
[SourceVersionDate "1999.11.16"]
[SourceQuality "1"]
[WhiteTeam "Venezuela"]
[BlackTeam "Columbia"]
[WhiteTeamCountry "VEN"]
[BlackTeamCountry "COL"]

1. d3 e5 2. Nf3 Nc6 3. g3 f5 4. Bg2 Nf6 5. 0-0 Be7 6. c4 0-0 7. Nc3 d6 8. Rb1 Kh8 9. b4 a6 10. a4 Nd4 11. Nxd4 exd4 12. Nd5 Nxd5 13. cxd5 Bd7 1/2-1/2

[Event "Havana Juventud Rebelde 3rd"]
[Site "Havana"]
[Date "1978.04.27"]
[Round "14"]
[White "Palacios, Antonio"]
[Black "Armas Gutierrez, Jorge Enrique"]
[Result "0-1"]
[WhiteElo "2370"]
[BlackElo "2385"]
[PlyCount "70"]
[EventDate "1978.04.12"]
[EventType "tourn"]
[EventRounds "17"]
[EventCountry "CUB"]
[SourceTitle "EXT 2023"]
[Source "ChessBase"]
[SourceDate "2022.10.05"]
[SourceVersion "1"]
[SourceVersionDate "2022.10.05"]
[SourceQuality "1"]

1. e4 c5 2. Nf3 e6 3. d3 d5 4. Nbd2 Ne7 5. c3 Nbc6 6. Be2 Ng6 7. g3 Bd6 8. h4 0-0 9. d4 cxd4 10. cxd4 dxe4 11. Nxe4 Bb4+ 12. Kf1 Nge7 13. a3 Ba5 14. h5 h6 15. b4 Bb6 16. Bb2 Nf5 17. Nc5 Nce7 18. Qb3 Bc7 19. g4 Nd6 20. Rg1 b6 21. g5 hxg5 22. Nxg5 bxc5 23. dxc5 Ndf5 24. h6 e5 25. Bc4 Nxh6 26. Rd1 Qe8 27. Ne4 Kh8 28. Bc1 Nef5 29. Qf3 Be6 30. Bd3 Qe7 31. Qh5 Qh4 32. Qxh4 Nxh4 33. Rh1 N4f5 34. Nd6 Bxd6 35. cxd6 Kg8 0-1

[Event "Havana Juventud Rebelde 3rd"]
[Site "Havana"]
[Date "1978.04.23"]
[Round "11"]
[White "Palacios, Antonio"]
[Black "Bueno Perez, Lazaro A"]
[Result "1-0"]
[WhiteElo "2370"]
[BlackElo "2350"]
[PlyCount "57"]
[EventDate "1978.04.12"]
[EventType "tourn"]
[EventRounds "17"]
[EventCountry "CUB"]
[SourceTitle "EXT 2023"]
[Source "ChessBase"]
[SourceDate "2022.10.05"]
[SourceVersion "1"]
[SourceVersionDate "2022.10.05"]
[SourceQuality "1"]

1. d3 g6 2. g3 Bg7 3. Bg2 f5 4. e4 e6 5. Nc3 Ne7 6. Nf3 0-0 7. h4 h6 8. Bf4 Nbc6 9. Qd2 Kh7 10. 0-0-0 e5 11. Be3 Nd4 12. Ng1 d6 13. f4 fxe4 14. dxe4 Bg4 15. Rf1 Qd7 16. Nh3 Rae8 17. Nf2 Bf3 18. Bxf3 Nxf3 19. Qd1 Nd4 20. h5 exf4 21. gxf4 Nb5 22. hxg6+ Nxg6 23. Nd5 Ne7 24. f5 Nxd5 25. Bxh6 Rxf5 26. Bxg7+ Kxg7 27. Qg4+ Kf8 28. Rh8+ Ke7 29. Rh7+ 1-0